00988cam a2200301 a 450000100090000000300040000900500170001300800410003001000170007102000150008804000180010305000310012108200240015210000290017624500490020526000550025430000350030944000160034449000220036049000430038265000260042565000310045165000220048265000200050465500280052480000840055280000500063614292532OSt20180116183025.0060308s2002 cauab 000 1 eng  a 2006540265 a0971237514 aDLCcDLCdDLC00aPS3572b.A424 2002 vol. 3700a813.54 VAN 19852221 aVance, Jack,d1916-2013.14aLyonesse IIc[Jack Vance].bThe green pearl  aOakland [Calif.] :bVance Integral Edition,c2002. a534 p. :bill., maps ;c20 cm. aLyonesse II1 aLyonesse ;vbk. 21 aThe complete works of Jack Vance ;v37 0aMiddle AgesvFiction. 0aKings and rulersvFiction. 0aWitchesvFiction. 0aMagicvFiction. 7aFantasy fiction.2gsafd1 aVance, Jack,d1916-2013.tLyonesse (Vance Integral Edition (Project)) ;vbk. 2.1 aVance, Jack,d1916-2013.tWorks.f2002 ;v37.